Xenoblade Chronicles 2 Character Quiz - Statistics

General Stats
  • This quiz has been taken 467 times
  • The average score is 26 of 34
Answer Stats
Hint Answer % Correct
#2 Red Aegis Pyra
100%
#1 Salvager boy turned Aegis Driver Rex
100%
#3 White Aegis, true form of #2 Mythra
99%
#5 Gormotti Driver Nia
96%
#8 Paragon of Torna, moves at the speed of light Jin
93%
#7 Black Aegis, main villain Malos
93%
#13 Artificial Blade of above Poppi
93%
#12 Mechanically-inclined Nopon Driver Tora
93%
#14 Special Inquisitor of Mor Ardain Mórag
92%
#16 Prince of Tantal Zeke
92%
#4 Blue Aegis, combination of #2 and #3 Pneuma
90%
#6 White, tigerlike Blade of above Dromarch
85%
#23 Former Driver of the Aegis Addam
84%
#18 Large, muscled mercenary Driver Vandham
84%
#15 Jewel of Mor Ardain, blue fire Blade of above Brighid
83%
#17 Electric Blade of above Pandoria
83%
#19 Birdlike Blade of above Roc
83%
#9 Torna member, wears glasses Akhos
82%
#20 Leader of the Indoline Praetorium Praetor Amalthus
79%
#10 Female Torna member Patroka
78%
#24 Driver of #8, died many years ago Lora
76%
#33 Titan companion of #1 Azurda
75%
#11 Blonde Torna member Mikhail
73%
#25 Former Blade of above, now bound to #20 Haze
68%
#34 The Architect of Alrest Klaus
68%
#29 Rich Nopon merchant Bana
66%
#21 Emperor of Mor Ardain Niall
63%
#26 Emperor of Mor Ardain during the time of #23 Hugo
59%
#31 Artificial Blade of above Lila
56%
#27 Flesh Eater bound to #20 Minoth
56%
#22 Blade bodyguard of above Aegaeon
51%
#32 Traitorous assistant of #30 Muimui
45%
#28 Young Gormotti boy, helper of #23 Milton
43%
#30 Father of #12 Tatazo
42%
No matching quizzes found
Score Distribution
Percent of People with Each Score
Percentile by Number Answered
Your Score History
You have not taken this quiz